000 00310nam a2200145Ia 4500
100 _aBotkar/ K.R
650 _aElectrical Engineering
942 _cBK
654 _aCircuits
245 _aIntegrated circuits
260 _bKhanna pub.
_aDelhi
_c1987
082 _a621.3
300 _a453
546 _aENGLISH
999 _c20972
_d20972